000 005740000a22001930004500
090 _aAR
_b00855
245 1 0 _aAves identificadas en el Parque Nacional Tayrona
650 1 4 _aAvifauna
_992441
650 1 4 _aInventarios de aves
_96278
650 1 4 _aTaxonomía animal
_98245
651 4 _lParque Nacional Natural Tayrona
_dMagdalena
_pColombia
_992749
041 0 _aEspañol
700 1 _aLuepke, John C.
_994044
700 1 _aHilty, Steven L.
_97159
700 1 _aJohnson, T.
_994046
100 1 _aRussell, S.
_994047
942 _cARTICULO
_01
773 1 _tPreprint
_33
_q1-7
_d1972
999 _c9943
_d9943